| 000 | 00764naa a22001577i 4500 | ||
|---|---|---|---|
| 003 | KOSZ 005 | ||
| 005 | 20180320090316.0 | ||
| 008 | 160308s2007 ||||| ||||0|| 0 pol | ||
| 035 | _aPBN-R:247096 | ||
| 040 |
_cKOSZ 005/md _aPBN-ID _dKOSZ 005 |
||
| 041 | 0 | _apol | |
| 100 | 1 |
_aZAWADZKA, Danuta. _d2007-2011. _bPolitechnika Koszalińska - Instytut Ekonomii i Zarządzania, _cZakład Finansów |
|
| 245 | 1 | 0 |
_aZnaczenie faktoringu dla polityki kredytowej przedsiębiorstw / _cDanuta Zawadzka. |
| 773 | 0 | 8 |
_iW: _t Zarządzanie finansami firm : teoria i praktyka / red. nauk. Wiesław Pluta. - _dWrocław : Wydaw. Akademii Ekonomicznej, 2007. - _g s. 676-682. _kPrace Naukowe Akademii Ekonomicznej im. Oskara Langego we Wrocławiu ; nr 1152. _x0324-8445 |
| 942 |
_cART _2UKD |
||
| 999 |
_c7973 _d7973 |
||